Normal view
MARC view
- Screw-cutting machines
Entry Topical Term
001 - CONTROL NUMBER
- control field: 45246
003 - CONTROL NUMBER IDENTIFIER
- control field: NUST
005 - DATE AND TIME OF LATEST TRANSACTION
- control field: 20210314133208.0
008 - FIXED-LENGTH DATA ELEMENTS
- fixed length control field: 210314|| aca||aabn | a|a d
040 ## - CATALOGING SOURCE
- Original cataloging agency: NUST
- Transcribing agency: NUST
150 ## - HEADING--TOPICAL TERM
- Topical term or geographic name entry element: Screw-cutting machines
670 ## - SOURCE DATA FOUND
- Source citation: Work cat.: (NUST): Aluminum Company of America 45245, Alcoa aluminum in automatic screw machines., 1946.
